000 00666nam a22002177a 4500
999 _c178248
_d178248
005 20210323154143.0
006 a|||||f|||| 00| 0
007 tc
008 180720b xxu||||| |||| 00| 0 eng d
010 _aBR-003292-BR-003293
020 _c17.00
035 _a BR-003292
037 _bN.I.V.H.
082 _aS
245 _aUnusal Couage
260 _aDehradun
_bN.I.V.H.
_cDehradun
270 _a116,Rajpur Road, Dehradun
_bDehradun
_e248001
300 _avarious pages.
_c30cm(HB).
942 _2ddc
_cBRLEN
_hS
_mUNU